[Event "Tanglin op"]
[Site "Singapore"]
[Date "2022.06.01"]
[Round "7"]
[White "Koh, Kum Hong"]
[Black "Wong, Shyun Fwu Aldrin"]
[Result "1/2-1/2"]
[WhiteElo "2187"]
[BlackElo "1451"]
[PlyCount "86"]
[EventDate "2022.05.28"]
[EventType "swiss"]
[EventRounds "9"]
[EventCountry "SIN"]
[SourceTitle "CBM 208 Extra"]
[Source "ChessBase"]
[SourceDate "2022.07.31"]
[SourceVersion "1"]
[SourceVersionDate "2022.07.31"]
[SourceQuality "1"]

1. c4 Nf6 2. Nf3 g6 3. g3 Bg7 4. Bg2 0-0 5. Nc3 d6 6. d4 Nc6 7. 0-0 e5 8. dxe5 dxe5 9. Bg5 Be6 10. Nd5 Bxd5 11. Bxf6 Bxf6 12. cxd5 Ne7 13. e4 c6 14. dxc6 Nxc6 15. Qa4 Qb6 16. a3 Rfd8 17. b4 Nd4 18. Nxd4 Rxd4 19. Rad1 Rad8 20. Rxd4 Qxd4 21. Bf3 h5 22. Rd1 Qb6 23. Rxd8+ Bxd8 24. Qe8+ Kg7 25. Qxe5+ Bf6 26. Qd5 Bd4 27. Qa2 Qc7 28. Kg2 Qc3 29. e5 Qb2 30. Qxb2 Bxb2 31. Bxb7 Bxa3 32. b5 Kf8 33. f4 Ke7 34. Bd5 Bc5 35. Kf3 Bg1 36. h3 Bc5 37. g4 hxg4+ 38. hxg4 Bb6 39. Ke4 f6 40. Bc4 fxe5 41. Kxe5 Bc7+ 42. Ke4 g5 43. fxg5 Kf8 1/2-1/2

[Event "Tanglin op"]
[Site "Singapore"]
[Date "2022.05.31"]
[Round "5"]
[White "Koh, Kum Hong"]
[Black "Ho, Yi En Ian"]
[Result "1-0"]
[WhiteElo "2187"]
[BlackElo "1444"]
[PlyCount "99"]
[EventDate "2022.05.28"]
[EventType "swiss"]
[EventRounds "9"]
[EventCountry "SIN"]
[SourceTitle "CBM 208 Extra"]
[Source "ChessBase"]
[SourceDate "2022.07.31"]
[SourceVersion "1"]
[SourceVersionDate "2022.07.31"]
[SourceQuality "1"]

1. c4 c6 2. Nf3 d5 3. d4 Nf6 4. e3 Bf5 5. cxd5 cxd5 6. Nc3 e6 7. Ne5 Be7 8. g4 Bg6 9. h4 h5 10. Nxg6 fxg6 11. g5 Ne4 12. Nxe4 dxe4 13. Qb3 Qb6 14. Qxb6 axb6 15. Bg2 0-0 16. Bxe4 Bb4+ 17. Ke2 Kh7 18. Bxb7 Ra7 19. Be4 Raf7 20. f3 Nd7 21. a3 Bd6 22. f4 e5 23. Bd5 Re7 24. dxe5 Bxe5 25. fxe5 Rxe5 26. Bg2 Nc5 27. b4 Nb3 28. Bb2 Re7 29. Bd5 Nxa1 30. Bxa1 Rfe8 31. Rh3 Rd8 32. Bc6 Re6 33. b5 Re7 34. Rf3 Ra7 35. Bb2 Rd6 36. Rf4 Re6 37. a4 Kh8 38. Bd4 Rae7 39. Bxb6 Kh7 40. a5 Re5 41. a6 R5e6 42. Bd4 Rd6 43. Bc5 Rxc6 44. bxc6 Re5 45. Bd4 Re7 46. Kd3 Rc7 47. a7 Re7 48. Re4 Re8 49. Re5 Rd8 50. Re7 1-0

[Event "Tanglin op"]
[Site "Singapore"]
[Date "2022.05.31"]
[Round "6"]
[White "Lee, Jing Xi Jonathan"]
[Black "Koh, Kum Hong"]
[Result "1-0"]
[WhiteElo "1620"]
[BlackElo "2187"]
[PlyCount "79"]
[EventDate "2022.05.28"]
[EventType "swiss"]
[EventRounds "9"]
[EventCountry "SIN"]
[SourceTitle "CBM 208 Extra"]
[Source "ChessBase"]
[SourceDate "2022.07.31"]
[SourceVersion "1"]
[SourceVersionDate "2022.07.31"]
[SourceQuality "1"]

1. e4 e6 2. d4 d5 3. Nc3 Nf6 4. Bg5 Bb4 5. e5 h6 6. Bd2 Bxc3 7. bxc3 Ne4 8. Bd3 Nxd2 9. Qxd2 c5 10. Nf3 Qc7 11. 0-0 c4 12. Be2 Nc6 13. Ne1 Bd7 14. f4 g6 15. g4 Ne7 16. Ng2 0-0-0 17. Ne3 Rdf8 18. Qc1 Qa5 19. Qb2 Nc6 20. f5 gxf5 21. gxf5 Nxd4 22. cxd4 Qd2 23. Kf2 f6 24. Rad1 Qa5 25. Rb1 b5 26. exf6 Rxf6 27. Qb4 Qc7 28. Ke1 Qxh2 29. Qc5+ Kd8 30. Kd2 Qc7 31. Qxc7+ Kxc7 32. fxe6 Rxf1 33. Bxf1 Bxe6 34. Rxb5 Kd6 35. Bg2 h5 36. Bxd5 h4 37. Nxc4+ Ke7 38. Bxe6 Kxe6 39. Re5+ Kf6 40. Ne3 1-0

[Event "SIN-ch"]
[Site "Singapore"]
[Date "2004.??.??"]
[Round "4"]
[White "Mooi, Osric Kok Onn"]
[Black "Koh, Kum Hong"]
[Result "1/2-1/2"]
[WhiteElo "2142"]
[BlackElo "2244"]
[PlyCount "117"]
[EventDate "2004.04.??"]
[EventType "tourn"]
[EventRounds "9"]
[EventCountry "SIN"]
[SourceTitle "EXT 2005"]
[Source "ChessBase"]
[SourceDate "2004.11.15"]
[SourceVersion "1"]
[SourceVersionDate "2004.11.15"]
[SourceQuality "1"]

1. e4 c5 2. Nf3 d6 3. c3 Nf6 4. Bc4 e6 5. Qe2 Be7 6. 0-0 0-0 7. e5 Nd5 8. d3 Nc6 9. Na3 a6 10. Bb3 Nxe5 11. Nxe5 dxe5 12. Qxe5 Nf6 13. Qe2 b5 14. Bf4 Bb7 15. Rad1 Qd7 16. Nc2 Bd6 17. Bxd6 Qxd6 18. f4 Rad8 19. Ne1 Rfe8 20. h3 e5 21. fxe5 Rxe5 22. Qf2 Rde8 23. Qg3 Qe7 24. Nf3 Re2 25. Nh4 Qe3+ 26. Qxe3 R8xe3 27. Rf2 Re1+ 28. Rxe1 Rxe1+ 29. Kh2 Re3 30. Rd2 g6 31. Bd1 Bd5 32. Nf3 Nh5 33. c4 bxc4 34. dxc4 Bxc4 35. b3 Bb5 36. a4 Bc6 37. Rd6 Re6 38. Rd8+ Kg7 39. Ng5 Re5 40. Rd6 Be8 41. Nf3 Re6 42. Rxe6 fxe6 43. Be2 a5 44. Ne5 Kf6 45. Nc4 Nf4 46. Bf3 Nd5 47. Nxa5 Ke5 48. Nb7 Kd4 49. Nd6 Bc6 50. a5 Kc3 51. Ne4+ Kb4 52. Ng5 Kxa5 53. Nxe6 Kb4 54. Kg3 h6 55. h4 Ne7 56. Bxc6 Nxc6 57. Kf4 Nd4 58. Nxc5 Kxc5 59. Ke5 1/2-1/2

[Event "Cairnhill op 21st"]
[Site "Singapore"]
[Date "2003.12.12"]
[Round "7"]
[White "Chan, Weng Chee"]
[Black "Koh, Kum Hong"]
[Result "0-1"]
[WhiteElo "2114"]
[BlackElo "2244"]
[PlyCount "136"]
[EventDate "2003.12.07"]
[EventType "swiss"]
[EventRounds "9"]
[EventCountry "SIN"]
[SourceTitle "CBM 097 Extra"]
[Source "ChessBase"]
[SourceDate "2004.01.13"]
[SourceVersion "1"]
[SourceVersionDate "2004.01.13"]
[SourceQuality "1"]

1. d4 Nf6 2. c4 e6 3. Nc3 Bb4 4. e3 b6 5. Nge2 Ne4 6. Qc2 Bb7 7. a3 Bxc3+ 8. Nxc3 f5 9. b3 d6 10. Bb2 0-0 11. 0-0-0 Nd7 12. f3 Nxc3 13. Qxc3 Qe7 14. Bd3 a5 15. Kb1 c6 16. Rhe1 Ba6 17. e4 f4 18. e5 d5 19. Qc2 h6 20. cxd5 Bxd3 21. Rxd3 cxd5 22. Rc1 b5 23. Qc7 Rfb8 24. Rc6 Qe8 25. Qd6 Nf8 26. Rd2 Qg6+ 27. Ka2 a4 28. b4 Qh5 29. h3 Qg6 30. Rb6 Rxb6 31. Qxb6 Qe8 32. Rc2 Rb8 33. Qa7 Ra8 34. Qc7 Qg6 35. Bc1 Qd3 36. Qc3 Qf5 37. Qd2 Rb8 38. Rc7 Ng6 39. Qc2 Qxc2+ 40. Rxc2 Rb7 41. Kb2 Kf7 42. Rc5 Nh4 43. Bxf4 Nxg2 44. Bg3 Ne3 45. Kc3 Nc4 46. f4 Kg6 47. Rc6 Kf5 48. Rc8 Nxa3 49. Rf8+ Kg6 50. f5+ exf5 51. Bh4 Rc7+ 52. Kd3 Rc6 53. Rd8 Kh5 54. Be7 Nc4 55. Rxd5 a3 56. e6 Kg6 57. Rd8 Rxe6 58. Ra8 Rxe7 59. d5 f4 60. Ra6+ Kf5 61. Kc2 f3 62. d6 Rd7 63. Ra8 Rxd6 64. Rf8+ Ke4 65. Re8+ Kf4 66. Rf8+ Kg3 67. h4 g5 68. h5 f2 0-1

[Event "Cairnhill op 19th"]
[Site "Singapore"]
[Date "2001.12.27"]
[Round "3"]
[White "Kek, Wei Chuan"]
[Black "Koh, Kum Hong"]
[Result "0-1"]
[WhiteElo "2119"]
[BlackElo "2258"]
[PlyCount "60"]
[EventDate "2001.12.26"]
[EventType "swiss"]
[EventRounds "7"]
[EventCountry "SIN"]
[SourceTitle "CBM 085 Extra"]
[Source "ChessBase"]
[SourceDate "2002.01.21"]
[SourceVersion "1"]
[SourceVersionDate "2002.01.21"]
[SourceQuality "1"]

1. Nf3 Nf6 2. g3 b6 3. Bg2 Bb7 4. c4 c5 5. 0-0 g6 6. Nc3 Bg7 7. a3 0-0 8. Rb1 Qc8 9. d3 d5 10. Nd2 dxc4 11. Bxb7 Qxb7 12. Nxc4 Nc6 13. Bg5 Rfd8 14. Qc1 Nd4 15. Be3 Nf5 16. Ne5 Rac8 17. Bg5 Nd4 18. Bxf6 Bxf6 19. Ng4 Bg7 20. Qf4 c4 21. Qe4 Qd7 22. Ne3 cxd3 23. Qxd3 Nf3+ 24. Kg2 Qxd3 25. exd3 Nd2 26. Ncd5 Bf8 27. Rbd1 Nxf1 28. Kxf1 e6 29. Nf6+ Kg7 30. Nfg4 Bc5 0-1

[Event "Singapore training"]
[Site "Singapore"]
[Date "2001.10.27"]
[Round "7"]
[White "Tay, Junior"]
[Black "Koh, Kum Hong"]
[Result "1-0"]
[WhiteElo "2184"]
[BlackElo "2258"]
[PlyCount "71"]
[EventDate "2001.10.06"]
[EventType "tourn"]
[EventRounds "9"]
[EventCountry "SIN"]
[SourceTitle "CBM 085 Extra"]
[Source "ChessBase"]
[SourceDate "2002.01.21"]
[SourceVersion "1"]
[SourceVersionDate "2002.01.21"]
[SourceQuality "1"]

1. e4 e6 2. d4 d5 3. Nc3 Bb4 4. e5 Ne7 5. Nf3 c5 6. a3 Bxc3+ 7. bxc3 Qa5 8. Bd2 Nbc6 9. Rb1 c4 10. h4 f6 11. h5 fxe5 12. dxe5 0-0 13. g3 b6 14. Bg2 Bd7 15. 0-0 Rae8 16. Re1 Rc8 17. Qc1 Nd8 18. Nd4 Nb7 19. f4 Nc5 20. g4 Nc6 21. f5 Nxd4 22. cxd4 c3 23. Bg5 Ne4 24. Bxe4 dxe4 25. f6 e3 26. Qxe3 Bc6 27. Re2 Qd5 28. Rh2 Bb7 29. Rf1 Rc4 30. Rf4 Qb5 31. Kf2 Qa4 32. Kg3 Qd7 33. Rhf2 Rf7 34. fxg7 Rxf4 35. Qxf4 Qxg7 36. Bh6 1-0

[Event "Singapore training"]
[Site "Singapore"]
[Date "2001.10.10"]
[Round "2"]
[White "Chia, Alphonsus"]
[Black "Koh, Kum Hong"]
[Result "1-0"]
[WhiteElo "2284"]
[BlackElo "2258"]
[PlyCount "141"]
[EventDate "2001.10.06"]
[EventType "tourn"]
[EventRounds "9"]
[EventCountry "SIN"]
[SourceTitle "CBM 085 Extra"]
[Source "ChessBase"]
[SourceDate "2002.01.21"]
[SourceVersion "1"]
[SourceVersionDate "2002.01.21"]
[SourceQuality "1"]

1. d4 Nf6 2. c4 e6 3. Nc3 Bb4 4. Qb3 c5 5. dxc5 Nc6 6. Nf3 Ne4 7. Bd2 Nxc5 8. Qc2 f5 9. a3 Bxc3 10. Bxc3 0-0 11. b4 Ne4 12. Bb2 b6 13. Nd2 Nxd2 14. Qxd2 Bb7 15. Rd1 Rf7 16. Qd6 Qb8 17. h4 Qxd6 18. Rxd6 Nd8 19. Rh3 Be4 20. Re3 Re7 21. g4 Nf7 22. Rd1 Rae8 23. f3 Bc2 24. Rc1 f4 25. Rc3 Ba4 26. e4 d6 27. c5 bxc5 28. bxc5 Rb7 29. Ba1 dxc5 30. Rxc5 Rb3 31. Ra5 Rxa3 32. Rxa7 Rd8 33. Be2 h6 34. g5 hxg5 35. hxg5 Rd7 36. Rxd7 Bxd7 37. g6 Ng5 38. Rd1 Be8 39. Bb2 Rb3 40. Rd8 Kf8 41. Bb5 Nxf3+ 42. Kd1 Ke7 43. Rxe8+ Kd6 44. Be2 Rxb2 45. Bxf3 Rf2 46. Bg4 Rg2 47. Rxe6+ Kd7 48. Bf5 f3 49. Ke1 Rh2 50. Ra6+ Ke7 51. Ra3 f2+ 52. Kf1 Kf6 53. Rf3 Ke5 54. Rxf2 Rh1+ 55. Kg2 Ra1 56. Kf3 Rb1 57. Ra2 Rf1+ 58. Ke3 Re1+ 59. Kd2 Rg1 60. Ra7 Rg2+ 61. Kd3 Rg3+ 62. Kc4 Rg1 63. Rxg7 Rc1+ 64. Kd3 Rd1+ 65. Ke3 Re1+ 66. Kf3 Rf1+ 67. Kg2 Ra1 68. Rc7 Ra2+ 69. Kf3 Ra3+ 70. Kg4 Ra1 71. Kg5 1-0

[Event "Cairnhill op 17th"]
[Site "Singapore"]
[Date "1999.12.11"]
[Round "4"]
[White "Koh, Kum Hong"]
[Black "Mooi, Osric Kok Onn"]
[Result "1/2-1/2"]
[WhiteElo "2287"]
[BlackElo "2132"]
[PlyCount "89"]
[EventDate "1999.12.08"]
[EventType "swiss"]
[EventRounds "7"]
[EventCountry "SIN"]
[SourceTitle "CBM 073 Extra"]
[Source "ChessBase"]
[SourceDate "2000.01.11"]
[SourceVersion "1"]
[SourceVersionDate "2000.01.11"]
[SourceQuality "1"]

1. d4 c5 2. d5 Nf6 3. c4 b5 4. g3 Bb7 5. Bg2 e6 6. e4 bxc4 7. Ne2 exd5 8. exd5 d6 9. Nbc3 Nbd7 10. Qa4 Be7 11. 0-0 0-0 12. Qxc4 Nb6 13. Qd3 Re8 14. b3 Bf8 15. Bb2 Nfxd5 16. Nxd5 Bxd5 17. Nf4 Bxg2 18. Kxg2 Qc7 19. Qf3 Rab8 20. Kg1 Qd7 21. Rfd1 Qf5 22. Rac1 a5 23. h4 d5 24. Qc3 Ra8 25. Qd2 d4 26. Qd3 Qg4 27. Re1 Nd7 28. Kg2 Ne5 29. Qd1 Qd7 30. f3 h6 31. Qc2 a4 32. Rcd1 axb3 33. axb3 Rab8 34. Rb1 Qb7 35. Qe2 Ng4 36. Qxe8 Rxe8 37. Rxe8 Qxb3 38. Bxd4 Qc2+ 39. Kh3 cxd4 40. Rbb8 Nf2+ 41. Kh2 Nd3+ 42. Ng2 Qc5 43. Rbc8 Qa3 44. Ra8 Qc5 45. Rac8 1/2-1/2